书目信息 |
| 题名: |
体育科学指南
|
|
| 作者: | ;金季春 译 ;国际体育科学和教育理事会 编 | |
| 分册: | ||
| 出版信息: | 北京 北京体育大学出版社 2002 |
|
| 页数: | 19,310页 | |
| 开本: | 21cm | |
| 丛书名: | ||
| 单 册: | ||
| 中图分类: | G80 | |
| 科图分类: | ||
| 主题词: | 体育理论--基本知识 , CT--S073664--体育 | |
| 电子资源: | ||
| ISBN: | 7-81003-854-0 | |
| 000 | 00962nam0 2200241 45 | |
| 001 | 012002061572 | |
| 005 | 20061101084938.53 | |
| 010 | @a7-81003-854-0@dCNY25.00 | |
| 100 | @a20020725d2002 emky0chiy0110 ea | |
| 101 | 0 | @achi@aeng |
| 102 | @aCN@b110000 | |
| 105 | @ay z 000yy | |
| 200 | 1 | @a体育科学指南@9ti yu ke xue zhi nan@f国际体育科学和教育理事会编@Fguo ji ti yu ke xue he jiao yu li shi hui bian@g金季春等译 |
| 210 | @a北京@c北京体育大学出版社@d2002 | |
| 215 | @a19,310页@d21cm | |
| 330 | @a本书内容包括适应身体活动、生物力学、训练科学、比较体育运动人体测量、神经运动心理学,运动技能学习与控制、体育哲学、体育政治学、体育社会学等,每部分包括一般信息、信息资源、组织网络和附录。 | |
| 606 | 0 | @a体育理论@x基本知识 |
| 606 | 0 | @2CT@3S073664@a体育 |
| 690 | @aG80@v4 | |
| 702 | 0 | @a金季春@9jin ji chun@4译 |
| 711 | 02 | @a国际体育科学和教育理事会@9guo ji ti yu ke xue he jiao yu li shi hui@4编 |
| 801 | 0 | @aCN@bNLC@c20061101 |
| 905 | @a10447@dG80@e193 | |
| 体育科学指南/国际体育科学和教育理事会编/金季春等译.-北京:北京体育大学出版社,2002 |
| 19,310页;21cm |
| ISBN 7-81003-854-0:CNY25.00 |
| 本书内容包括适应身体活动、生物力学、训练科学、比较体育运动人体测量、神经运动心理学,运动技能学习与控制、体育哲学、体育政治学、体育社会学等,每部分包括一般信息、信息资源、组织网络和附录。 |
| ● |
| 相关链接 |
|
|
|
|
正题名:体育科学指南
索取号:G80/193
 
预约/预借
| 序号 | 登录号 | 条形码 | 馆藏地/架位号 | 状态 | 备注 |
| 1 | 0386840 | 203868403 | 第一样本阅览室/ [索取号:G80/193] | 在馆 | |
| 2 | 0386841 | 203868412 | 第四借阅区/ [索取号:G80/193] | 在馆 | |
| 3 | 0386842 | 203868421 | 第四借阅区/ [索取号:G80/193] | 在馆 | |
| 4 | 0386843 | 203868430 | 第四借阅区/ [索取号:G80/193] | 在馆 | |
| 5 | 0386844 | 203868449 | 第四借阅区/ [索取号:G80/193] | 在馆 |